00386nam a2200133Ia 450000500170000000800410001702000180005808200220007610000230009824500610012126000260018230000120020865000320022020250328140438.0231217s9999 xx 000 0 und d a9788131216637 a621.392 ASH;1 R aAshenden, Peter J. 0aDigital design : an embedded systems approach using VHDL c2008bElsevieraNoida axx, 573 aDigital,embedded,using,VHDL